[Event "Oberliga NRW 0405"]
[Site "Germany"]
[Date "2005.04.03"]
[Round "8.3"]
[White "Koehn, Peter"]
[Black "Lindner, Arnd"]
[Result "1-0"]
[WhiteElo "2273"]
[BlackElo "2198"]
[PlyCount "49"]
[EventDate "2004.10.10"]
[EventType "team-tourn"]
[EventRounds "9"]
[EventCountry "GER"]
[SourceTitle "EXT 2006"]
[Source "ChessBase"]
[SourceDate "2005.11.24"]
[SourceVersion "1"]
[SourceVersionDate "2005.11.24"]
[SourceQuality "1"]
[WhiteTeam "Wattenscheid II"]
[BlackTeam "Solingen III"]
[WhiteTeamCountry "GER"]
[BlackTeamCountry "GER"]

1. d4 Nf6 2. c4 c5 3. Nf3 cxd4 4. Nxd4 e5 5. Nb5 d5 6. cxd5 Bc5 7. e3 0-0 8. N5c3 e4 9. Be2 Qe7 10. Nd2 Rd8 11. Qc2 Bf5 12. a3 a5 13. 0-0 Nbd7 14. Rd1 Rac8 15. Nc4 Ne5 16. Nxa5 Bd6 17. h3 Bb8 18. Qb3 Nf3+ 19. gxf3 exf3 20. Bxf3 Bxh3 21. Bg2 Qd7 22. Qa4 Qf5 23. Qh4 Bxg2 24. Kxg2 g5 25. e4 1-0

[Event "Oberliga NRW 0405"]
[Site "Germany"]
[Date "2005.01.30"]
[Round "6.3"]
[White "Sonntag, Hans Hubert"]
[Black "Lindner, Arnd"]
[Result "1-0"]
[WhiteElo "2389"]
[BlackElo "2198"]
[PlyCount "101"]
[EventDate "2004.10.10"]
[EventType "team-tourn"]
[EventRounds "9"]
[EventCountry "GER"]
[SourceTitle "EXT 2006"]
[Source "ChessBase"]
[SourceDate "2005.11.24"]
[SourceVersion "1"]
[SourceVersionDate "2005.11.24"]
[SourceQuality "1"]
[WhiteTeam "Aachen"]
[BlackTeam "Solingen III"]
[WhiteTeamCountry "GER"]
[BlackTeamCountry "GER"]

1. d4 Nf6 2. c4 c5 3. d5 b5 4. cxb5 a6 5. b6 Bb7 6. Nc3 e6 7. e4 Qxb6 8. Nf3 exd5 9. exd5 d6 10. Bc4 Be7 11. 0-0 0-0 12. Re1 Re8 13. a4 Nbd7 14. a5 Qc7 15. h3 Bf8 16. Rxe8 Rxe8 17. Qd3 Qc8 18. Bg5 Qa8 19. Rd1 Be7 20. Re1 Bf8 21. Rd1 Be7 22. Bf4 Nf8 23. Bh2 Ng6 24. Nd2 Bf8 25. Bb3 Nd7 26. f4 Rd8 27. Nc4 Nf6 28. f5 Ne7 29. Nxd6 Bc8 30. Nxc8 Qxc8 31. Bc4 Nxf5 32. Bxa6 Qa8 33. Bc4 Nd6 34. a6 h6 35. Kh1 Re8 36. Ra1 Nde4 37. Nxe4 Rxe4 38. b3 Rd4 39. Qf3 Qa7 40. Be5 Rd2 41. Kg1 Nd7 42. Bc3 Rc2 43. Qd3 Rxc3 44. Qxc3 Bd6 45. Qa5 Be5 46. Qd8+ Kh7 47. Rf1 Bd4+ 48. Kh1 Ne5 49. Qc8 Qe7 50. d6 Qh4 51. a7 1-0

[Event "Oberliga NRW 0405"]
[Site "Germany"]
[Date "2004.10.10"]
[Round "1.3"]
[White "Gupta, Milon"]
[Black "Lindner, Arnd"]
[Result "1-0"]
[WhiteElo "2287"]
[BlackElo "2198"]
[PlyCount "87"]
[EventDate "2004.10.10"]
[EventType "team-tourn"]
[EventRounds "9"]
[EventCountry "GER"]
[SourceTitle "EXT 2006"]
[Source "ChessBase"]
[SourceDate "2005.11.24"]
[SourceVersion "1"]
[SourceVersionDate "2005.11.24"]
[SourceQuality "1"]
[WhiteTeam "Solingen II"]
[BlackTeam "Solingen III"]
[WhiteTeamCountry "GER"]
[BlackTeamCountry "GER"]

1. Nf3 c5 2. c4 Nf6 3. Nc3 g6 4. d4 cxd4 5. Nxd4 Nc6 6. e4 d6 7. Be2 Nxd4 8. Qxd4 Bg7 9. 0-0 0-0 10. Bg5 Re8 11. Rab1 Qa5 12. Qd2 Bd7 13. b4 Qd8 14. f3 Rc8 15. Rfc1 h5 16. Be3 b6 17. Bd4 Kh7 18. Rd1 Be6 19. Nd5 Nd7 20. Bxg7 Kxg7 21. Qd4+ f6 22. f4 Bf7 23. Ne3 Nf8 24. Qb2 Qc7 25. Rbc1 a6 26. Nd5 Qb8 27. g4 Bxd5 28. Rxd5 hxg4 29. Bxg4 e6 30. Rdd1 d5 31. e5 f5 32. Be2 dxc4 33. Bxc4 b5 34. Bb3 Red8 35. Qf2 Qb7 36. Qh4 Rxc1 37. Qf6+ Kh6 38. Qxd8 Rxd1+ 39. Bxd1 Nh7 40. Qd4 Qc6 41. Kf2 g5 42. fxg5+ Nxg5 43. Qh4+ Kg6 44. Bh5+ 1-0

[Event "Oberliga NRW 0203 II"]
[Site "Germany"]
[Date "2003.03.23"]
[Round "7.8"]
[White "Luethgens, Eike"]
[Black "Lindner, Arnd"]
[Result "1/2-1/2"]
[WhiteElo "2291"]
[BlackElo "2118"]
[PlyCount "77"]
[EventDate "2002.10.06"]
[EventType "team"]
[EventRounds "9"]
[EventCountry "GER"]
[SourceTitle "EXT 2004"]
[Source "ChessBase"]
[SourceDate "2003.11.25"]
[SourceVersion "1"]
[SourceVersionDate "2003.11.25"]
[SourceQuality "1"]
[WhiteTeam "Plettenberg"]
[BlackTeam "Solingen II"]
[WhiteTeamCountry "GER"]
[BlackTeamCountry "GER"]

1. e4 c5 2. Nf3 Nc6 3. d3 g6 4. g3 Bg7 5. Bg2 d6 6. c3 Bd7 7. 0-0 Nf6 8. Re1 0-0 9. Na3 Rc8 10. h3 a6 11. Be3 b5 12. Qd2 Re8 13. Bh6 Bh8 14. Qe2 b4 15. Nc4 bxc3 16. bxc3 d5 17. Ncd2 dxe4 18. dxe4 Qa5 19. Nc4 Qc7 20. e5 Nd5 21. Ng5 Nb6 22. e6 fxe6 23. Nxe6 Qa7 24. Nxc5 Nxc4 25. Qxc4+ e6 26. Nxd7 Qxd7 27. Rad1 Ne5 28. Qe4 Qb5 29. Bf4 Nf7 30. Bf1 Qc6 31. Qxc6 Rxc6 32. Rd7 Rxc3 33. Bxa6 e5 34. Be3 Bf6 35. Bb7 Ra3 36. Bd5 Re7 37. Bxf7+ Rxf7 38. Rxf7 Kxf7 39. Re2 1/2-1/2

[Event "Oberliga NRW 0203 II"]
[Site "Germany"]
[Date "2003.01.19"]
[Round "5.8"]
[White "Krueger, Andre"]
[Black "Lindner, Arnd"]
[Result "1/2-1/2"]
[WhiteElo "2122"]
[BlackElo "2125"]
[PlyCount "65"]
[EventDate "2002.10.06"]
[EventType "team"]
[EventRounds "9"]
[EventCountry "GER"]
[SourceTitle "EXT 2004"]
[Source "ChessBase"]
[SourceDate "2003.11.25"]
[SourceVersion "1"]
[SourceVersionDate "2003.11.25"]
[SourceQuality "1"]
[WhiteTeam "Bergheim"]
[BlackTeam "Solingen II"]
[WhiteTeamCountry "GER"]
[BlackTeamCountry "GER"]

1. d4 Nf6 2. Bg5 c5 3. d5 Qb6 4. Nc3 g6 5. Rb1 Bg7 6. Qd2 h6 7. Bh4 d6 8. f3 Nbd7 9. e3 a6 10. Be2 Qa5 11. Nh3 b5 12. a3 Bb7 13. e4 Qc7 14. 0-0 0-0 15. Bf2 b4 16. Nd1 a5 17. c4 bxc3 18. Nxc3 Ba6 19. Nb5 Qb7 20. a4 Rfb8 21. b3 Ne8 22. Qxa5 Qc8 23. Qd2 Nc7 24. Nxc7 Qxc7 25. Bxa6 Rxa6 26. b4 Rxa4 27. bxc5 Rxb1 28. Rxb1 Nxc5 29. Be3 Kh7 30. Nf2 Qc8 31. Nd3 Nxd3 32. Qxd3 Qa8 33. Bf2 1/2-1/2

[Event "Niederrhein-ch"]
[Site "Niederrhein"]
[Date "2000.04.22"]
[Round "9"]
[White "Spaete, Erwin"]
[Black "Lindner, Arnd"]
[Result "0-1"]
[WhiteElo "1727"]
[BlackElo "2088"]
[PlyCount "72"]
[EventDate "2000.04.14"]
[EventType "swiss"]
[EventRounds "9"]
[EventCountry "GER"]
[SourceTitle "EXT 2006"]
[Source "ChessBase"]
[SourceDate "2005.11.24"]
[SourceVersion "1"]
[SourceVersionDate "2005.11.24"]
[SourceQuality "1"]

1. d4 Nf6 2. g4 d5 3. g5 Ne4 4. f3 Nd6 5. Nc3 e6 6. e4 dxe4 7. fxe4 Be7 8. Nf3 b6 9. Be3 Bb7 10. Bd3 Nc6 11. a3 h6 12. Qd2 hxg5 13. Rg1 Qd7 14. d5 exd5 15. exd5 Nb8 16. 0-0-0 Qh3 17. Rg3 Qh5 18. Rdg1 Nd7 19. Nxg5 Qxh2 20. R3g2 Qh4 21. Bf2 Qh5 22. Qe3 0-0-0 23. Be2 Qh6 24. Bg4 Rhe8 25. Qf4 Kb8 26. Bxd7 Rxd7 27. Rh2 Qf6 28. Qxf6 Bxf6 29. Nh7 Be5 30. Bg3 Bxc3 31. bxc3 Bxd5 32. Bf2 f6 33. Bd4 Ne4 34. Kb2 Kb7 35. Rhg2 Ng5 36. Nxg5 Bxg2 0-1

[Event "Niederrhein-ch"]
[Site "Niederrhein"]
[Date "2000.04.21"]
[Round "8"]
[White "Lindner, Arnd"]
[Black "Schwab, Thomas"]
[Result "1/2-1/2"]
[WhiteElo "2088"]
[BlackElo "1969"]
[PlyCount "44"]
[EventDate "2000.04.14"]
[EventType "swiss"]
[EventRounds "9"]
[EventCountry "GER"]
[SourceTitle "EXT 2006"]
[Source "ChessBase"]
[SourceDate "2005.11.24"]
[SourceVersion "1"]
[SourceVersionDate "2005.11.24"]
[SourceQuality "1"]

1. c4 d6 2. d4 e5 3. Nf3 e4 4. Ng5 f5 5. Nc3 Nf6 6. g3 g6 7. Bg2 Bg7 8. 0-0 0-0 9. f3 h6 10. Nh3 c6 11. fxe4 fxe4 12. e3 Na6 13. Bd2 d5 14. cxd5 cxd5 15. Qb3 Kh7 16. Nf4 Nc7 17. Rac1 b6 18. Nb5 Nxb5 19. Qxb5 g5 20. Ne2 Qd7 21. Qb3 Ba6 22. Rfe1 Rac8 1/2-1/2

[Event "Niederrhein-ch"]
[Site "Niederrhein"]
[Date "2000.04.18"]
[Round "5"]
[White "Lindner, Arnd"]
[Black "Cmiel, Thorsten"]
[Result "0-1"]
[WhiteElo "2088"]
[BlackElo "2243"]
[PlyCount "76"]
[EventDate "2000.04.14"]
[EventType "swiss"]
[EventRounds "9"]
[EventCountry "GER"]
[SourceTitle "EXT 2006"]
[Source "ChessBase"]
[SourceDate "2005.11.24"]
[SourceVersion "1"]
[SourceVersionDate "2005.11.24"]
[SourceQuality "1"]

1. d4 Nf6 2. c4 e6 3. Nf3 d5 4. Nc3 Be7 5. Bg5 0-0 6. e3 b6 7. Rc1 Bb7 8. Be2 Nbd7 9. 0-0 c5 10. cxd5 Nxd5 11. Bxe7 Qxe7 12. Nxd5 exd5 13. dxc5 bxc5 14. Qa4 a5 15. Bb5 Nf6 16. Rfd1 Rfc8 17. Qf4 Qe6 18. b3 Qb6 19. Bd3 Re8 20. Nh4 g6 21. Qg5 Ne4 22. Bxe4 Rxe4 23. Nf5 f6 24. Qg3 Re5 25. Nh6+ Kg7 26. Ng4 Re6 27. h4 h5 28. Nh2 Rae8 29. Nf3 Re4 30. Ne1 Kh6 31. Qh2 d4 32. exd4 cxd4 33. f3 d3+ 34. Kh1 d2 35. fxe4 dxc1Q 36. Rxc1 Rxe4 37. Nf3 Rg4 38. Qb8 Rxh4+ 0-1